Public Law in Germany: 1800-1914

保存先:
書誌詳細
第一著者: Stolleis, Michael (著者)
フォーマット: 図書
言語:英語
出版事項: Nueva York Berghahn Books 2001
版:1a. ed
主題:
タグ: タグ追加
タグなし, このレコードへの初めてのタグを付けませんか!

MARC

LEADER 00000cam a2200000 a 4500
001 UCD5596
003 CL-VaPUC
008 160922e20010000us |||||||||||||||||eng|d
020 |a 1571810579 
082 0 4 |a 342.43  |b STO  |2 21 
100 0 |a Stolleis, Michael  |e author  |9 589406 
245 1 0 |a Public Law in Germany: 1800-1914 
250 |a 1a. ed 
300 |a 514 p 
942 |c BK 
945 |d 20160922 22:24:00  |a dcastane 
260 |a Nueva York  |b Berghahn Books  |c 2001 
650 0 |a Derecho público   |9 255910 
650 0 |a Derecho alemán   |9 385144 
583 |a last modification  |c 20160922 22:24:00  |k Rodrigo Vera 
999 |c 366249  |d 366247 
952 |0 0  |1 0  |3 erd  |4 0  |6 342_430000000000000_STO_2001  |7 0  |8 DER_ROM  |9 480338  |a BIBDER  |b BIBDER  |i 5342740  |o 342.43 STO 2001  |p 5342740  |r 2023-01-25  |w 2019-11-24  |x Ubicación 4to piso  |y BK  |z Este recurso debe solicitarse con anticipación  |k DER